| 000 | 00970cam a22002891 4500 | ||
|---|---|---|---|
| 001 | agr42000401 | ||
| 003 | DLC | ||
| 005 | 20260227111001.0 | ||
| 008 | 771101s1942 dcua b 000 0 eng c | ||
| 010 | _aagr42000401 | ||
| 040 |
_aU.S. Dept. of agr. Library _cDSI _dDLC |
||
| 050 | 0 | 0 |
_aQL596.B8 _bF52 |
| 051 |
_aS21 _b.A46 no. 470 _cCopy 2. |
||
| 070 | 0 | _a1Agr84M no. 470 | |
| 082 | 0 | 0 | _a595.76 |
| 100 | 1 |
_aFisher, Warren Samuel, _d1878- |
|
| 245 | 1 | 2 | _aA revision of the North American species of buprestid beetles belonging to the tribe Chrysobothrini ... |
| 260 |
_aWashington _b[U.S. Govt. print. off., _c1942] |
||
| 300 |
_a275 p. _billus. _c23 cm. |
||
| 490 | 0 | _aU.S. Dept of agriculture. Miscellaneous publication no. 470 | |
| 500 | _aCover title. | ||
| 500 | _aContribution from Bureau of entomology and plant quarantine. | ||
| 504 | _a"Literature cited": p. 250-251. | ||
| 650 | 0 | _aActenodes. | |
| 650 | 0 | _aChrysobothris. | |
| 650 | 3 | _aBuprestidae | |
| 999 |
_c10209 _d10209 |
||